000 00408nam a2200145Ia 4500
008 220214s9999 xx 000 0 und d
022 _a0970-0838
245 0 _aJOURNAL OF POLYMER MATERIALS
260 _bOxford and IBH Publication, Calcutta
_aIndia
310 _aQ
500 _aEnding Volume & Year: 17, 2000
500 _aMissing Volume: 4(2)
500 _aStarting Volume & Year: 1, 1984
942 _cBJ
999 _c18964
_d18964